[Event "Niedersachsen-ch Seniors op 10th"]
[Site "Bad Bevensen"]
[Date "2007.07.10"]
[Round "8"]
[White "Angermann, Immo Frank"]
[Black "Donath, Juergen"]
[Result "0-1"]
[WhiteElo "1506"]
[BlackElo "1466"]
[PlyCount "62"]
[EventDate "2007.07.03"]
[EventType "swiss"]
[EventRounds "9"]
[EventCountry "GER"]
[SourceTitle "EXT 2022"]
[Source "ChessBase"]
[SourceDate "2021.10.06"]
[SourceVersion "1"]
[SourceVersionDate "2021.10.06"]
[SourceQuality "1"]

1. e4 e5 2. Nf3 Nc6 3. Bc4 Bc5 4. c3 Nf6 5. b4 Bd6 6. d3 h6 7. Qb3 0-0 8. a4 a6 9. Nbd2 b6 10. 0-0 Bb7 11. Ba3 Ne7 12. Rfe1 Ng6 13. g3 Qe7 14. Nf1 c6 15. Ne3 b5 16. axb5 axb5 17. Bxb5 Qe6 18. Qxe6 fxe6 19. Nc4 Bc7 20. Na5 Bxa5 21. bxa5 Rf7 22. Bc4 Nxe4 23. Rxe4 Rxf3 24. Bd6 c5 25. Rg4 Kh7 26. Bxc5 Ba6 27. Kg2 Bb7 28. Kf1 Rf5 29. Bb5 e4 30. a6 Bxa6 31. d4 Bxb5+ 0-1